000 00681 a2200169 4500
003 Nust
005 20230526112235.0
040 _cNust
082 _a808.543,BUC
100 _aPearl S. Buck
_9112683
245 _aToday and forevre
260 _aWashington
_bMethuen
_c1950
300 _a322,p.;
505 _aThe Lesson (Page-1), Mr. Binneys Afternoon (Page-41), The Dance (Page-51), Shanghai Scene (Page-63), Heats Come Home (Page-70), His OWN Country (Page-82), Tiger (Page-120), Golden Flower (Page-189), The Face of Buddha (Page-216), Guerrilla Mother (Page-246), A Mans Foes (Page-271), The OLD Demon (Page-307).
650 _aToday and forevre
_9112684
942 _2ddc
_cBK
999 _c185997
_d185997